Star Wars Planets in The Mandalorian - Statistics

General Stats
  • This quiz has been taken 15 times
  • The average score is 25 of 45
Answer Stats
Hint Answer % Correct
The Mines of Mandalore Mandalore
100%
The Convert Mandalore
100%
The Spies Mandalore
100%
The Return Mandalore
100%
The Gunslinger Tatooine
80%
The Marshal Tatooine
80%
The Passenger Tatooine
80%
The Rescue Tatooine
80%
The Mines of Mandalore Tatooine
80%
The Convert Coruscant
60%
The Foundling Coruscant
60%
The Pirate Coruscant
60%
The Spies Coruscant
60%
The Mandalorian Nevarro
60%
The Sin Nevarro
60%
Redemption Nevarro
60%
The Siege Nevarro
60%
The Tragedy Nevarro
60%
The Apostate Nevarro
60%
The Pirate Nevarro
60%
The Spies Nevarro
60%
The Return Nevarro
60%
The Tragedy Tython
60%
The Pirate Adelphi
40%
The Return Adelphi
40%
The Child Arvala-7
40%
The Reckoning Arvala-7
40%
The Mines of Mandalore Concordia
40%
The Spies Concordia
40%
The Jedi Corvus
40%
The Apostate Kalevala
40%
The Mines of Mandalore Kalevala
40%
The Convert Kalevala
40%
The Return Kalevala
40%
The Believer Karthon
40%
The Passenger Maldo Kreis
40%
The Believer Morak
40%
The Mandalorian Pagodon
40%
Guns for Hire Plazir-15
40%
Sanctuary Sorgan
40%
The Reckoning Sorgan
40%
The Heiress Trask
40%
The Mandalorian Aq Vetina
20%
The Heiress Kol Iben
20%
The Rescue Lafete
20%
No matching quizzes found
Score Distribution
Percent of People with Each Score
Percentile by Number Answered
Your Score History
You have not taken this quiz